[Event "WYCC 2018 O14"]
[Site "Halkidiki"]
[Date "2018.10.29"]
[Round "10"]
[White "Misyura, Ilya"]
[Black "Munshi, Aditya"]
[Result "1/2-1/2"]
[WhiteElo "1967"]
[BlackElo "2133"]
[Annotator "NA"]
[PlyCount "59"]
[EventDate "2018.10.20"]
[EventType "swiss"]
[EventCountry "GRE"]
[SourceTitle "playchess.com"]
[Source "ChessBase"]
[SourceQuality "1"]
[TimeControl "40/5400+30:1800+30"]

1. d4 {[%emt 0:00:00]} Nf6 {[%emt 0:00:00]} 2. c4 {[%emt 0:00:00]} e6 {[%emt 0:00:00]} 3. g3 {[%emt 0:00:00]} d5 {[%emt 0:00:40]} 4. Nf3 {[%emt 0:00:22]} Be7 {[%emt 0:01:39]} 5. Bg2 {[%emt 0:00:14]} O-O {[%emt 0:00:19]} 6. Qb3 {[%emt 0:00:30]} c5 {[%emt 0:09:01]} 7. cxd5 {[%emt 0:02:06]} Qxd5 {[%emt 0:13:10]} 8. Nc3 {[%emt 0:00:47]} Qxb3 {[%emt 0:07:58]} 9. axb3 {[%emt 0:00:07]} Nc6 {[%emt 0:18:53]} 10. dxc5 $11 {[%emt 0:00:41] LiveBook: 3 Games} e5 {[%emt 0:11:43]} 11. O-O {[%emt 0:02:11]} Bxc5 {[%emt 0:01:03]} 12. Na4 {[%emt 0:00:22]} Be7 {[%emt 0:01:57]} 13. Nb6 {[%emt 0:00:54]} Rb8 {[%emt 0:00:10]} 14. Nxc8 {[%emt 0:00:57]} Rbxc8 {[%emt 0:02:43]} 15. Be3 {[%emt 0:08:57]} b6 {[%emt 0:02:44]} 16. Nh4 {[%emt 0:04:26]} Na5 {[%emt 0:05:26]} 17. Nf5 {[%emt 0:01:28]} Rfe8 {[%emt 0:02:36]} 18. Bg5 {[%emt 0:17:21]} Bf8 {[%emt 0:07:34]} 19. Bxf6 {[%emt 0:04:32]} gxf6 {[%emt 0:00:11]} 20. Ra4 {[%emt 0:02:43]} Red8 {[%emt 0:02:02]} 21. Rg4+ {[%emt 0:07:05]} Kh8 {[%emt 0:00:01]} 22. Ra1 {[%emt 0:04:25]} Nxb3 {[%emt 0:01:07]} 23. Rxa7 {[%emt 0:05:07]} Rc1+ {[%emt 0:02:21]} 24. Bf1 {[%emt 0:00:43]} Nd2 {[%emt 0:01:23]} 25. Rxf7 {[%emt 0:00:46]} Rxf1+ {[%emt 0:04:53]} 26. Kg2 {[%emt 0:00:05]} Rc1 {[%emt 0:02:10]} 27. Rh4 {[%emt 0:11:54]} h6 {[%emt 0:00:40]} 28. Nxh6 {[%emt 0:00:35]} Bxh6 {[%emt 0:00:42]} 29. Rxh6+ {[%emt 0:00:13]} Kg8 {[%emt 0:00:04]} 30. Rhh7 1/2-1/2

[Event "WYCC 2018 O14"]
[Site "Halkidiki"]
[Date "2018.10.29"]
[Round "10"]
[White "Dao, Minh Nhat"]
[Black "Ognean, Mihnea-Ionut"]
[Result "1-0"]
[WhiteElo "1956"]
[BlackElo "2291"]
[Annotator "NA"]
[PlyCount "101"]
[EventDate "2018.10.20"]
[EventType "swiss"]
[EventCountry "GRE"]
[SourceTitle "playchess.com"]
[Source "ChessBase"]
[SourceQuality "1"]
[TimeControl "40/5400+30:1800+30"]

1. d4 {[%emt 0:00:00]} Nf6 {[%emt 0:00:00]} 2. Bg5 {[%emt 0:00:07]} e6 {[%emt 0:00:00]} 3. Nd2 {[%emt 0:00:38]} h6 {[%emt 0:00:59]} 4. Bh4 {[%emt 0:00:20]} c5 {[%emt 0:00:16]} 5. e3 {[%emt 0:02:06]} b6 {[%emt 0:00:43]} 6. Ngf3 {[%emt 0:03:50]} Bb7 {[%emt 0:01:00]} 7. Bd3 {[%emt 0:03:26]} Be7 {[%emt 0:00:36]} 8. c3 {[%emt 0:01:06]} Nc6 {[%emt 0:03:55]} 9. O-O {[%emt 0:00:57]} O-O {[%emt 0:00:56]} 10. a3 {[%emt 0:02:10]} d6 {[%emt 0:07:07] LiveBook: 11 Games} 11. Qe2 {[%emt 0:21:05]} a6 $146 {[%emt 0:17:35] A46: 1 d4 Nf6 2 Nf3 e6: Torre, London and Colle Systems} ({Predecessor:} 11... Nh5 12. Bxe7 Qxe7 13. Ba6 Nf6 14. Bxb7 Qxb7 15. Rad1 Rfd8 16. Rfe1 Rac8 17. h3 a6 18. Nf1 Na5 19. Ng3 cxd4 20. exd4 {0-1 (62) Beletic,D (2286)-Carlsen,M (2840) chess.com INT 2017}) 12. Rfd1 {[%emt 0:02:12]} Nh5 {[%emt 0:05:47]} 13. Bxe7 {[%emt 0:01:49]} Qxe7 {[%emt 0:00:08]} 14. b4 {[%emt 0:17:33]} a5 {[%emt 0:18:30]} 15. b5 {[%emt 0:07:54]} Nb8 {[%emt 0:00:31]} 16. Nc4 {[%emt 0:04:00]} Nd7 {[%emt 0:05:17]} 17. dxc5 {[%emt 0:05:18]} bxc5 {[%emt 0:00:27]} 18. Nxd6 {[%emt 0:00:35]} Bd5 {[%emt 0:04:03]} 19. Nc4 {[%emt 0:06:43]} f5 {[%emt 0:00:22]} 20. Nfe5 {[%emt 0:01:55]} Nxe5 {[%emt 0:01:20]} 21. Nxe5 {[%emt 0:00:12]} Qh4 $18 {[%emt 0:03:45]} 22. g3 {[%emt 0:01:36]} Qh3 {[%emt 0:07:28]} 23. Qf1 {[%emt 0:00:39]} Qxf1+ {[%emt 0:01:22]} 24. Bxf1 {[%emt 0:00:04]} Rfd8 {[%emt 0:00:23]} 25. c4 {[%emt 0:04:06]} Be4 {[%emt 0:00:08]} 26. Bg2 {[%emt 0:01:20]} Nf6 {[%emt 0:01:29]} 27. Bxe4 {[%emt 0:01:06]} Nxe4 {[%emt 0:00:26]} 28. Nc6 {[%emt 0:00:23]} Rd6 {[%emt 0:01:13]} 29. Rab1 {[%emt 0:07:45]} Kf7 {[%emt 0:02:28]} 30. f3 {[%emt 0:01:59]} Nd2 {[%emt 0:00:47]} 31. Rxd2 {[%emt 0:00:20]} Rxd2 {[%emt 0:00:05]} 32. b6 {[%emt 0:00:03]} Ra2 {[%emt 0:04:59]} 33. b7 {[%emt 0:00:26]} Re8 {[%emt 0:00:04]} 34. b8=Q {[%emt 0:00:37]} Rxb8 {[%emt 0:00:04]} 35. Rxb8 {[%emt 0:00:19]} Rxa3 {[%emt 0:00:05]} 36. Rb5 {[%emt 0:00:22]} a4 {[%emt 0:00:17]} 37. Rxc5 {[%emt 0:00:32]} Rxe3 {[%emt 0:00:10]} 38. Ra5 {[%emt 0:00:18]} a3 {[%emt 0:00:06]} 39. Nd4 {[%emt 0:02:07]} Rc3 {[%emt 0:01:37]} 40. Ra4 {[%emt 0:00:00]} Kf6 {[%emt 0:00:00]} 41. Kf2 {[%emt 0:03:43]} g5 {[%emt 0:01:28]} 42. Ke2 {[%emt 0:00:55]} Ke5 {[%emt 0:00:34]} 43. Nb5 {[%emt 0:01:55]} Rc2+ {[%emt 0:00:10]} 44. Kd3 {[%emt 0:00:23]} Rf2 {[%emt 0:01:45]} 45. Nd4 {[%emt 0:01:26]} a2 {[%emt 0:02:17]} 46. Ra6 {[%emt 0:00:27]} Kf6 {[%emt 0:00:04]} 47. Rxe6+ {[%emt 0:00:31]} Kf7 {[%emt 0:00:03]} 48. Ra6 {[%emt 0:00:19]} Rxh2 {[%emt 0:00:56]} 49. c5 {[%emt 0:01:14]} Ke7 {[%emt 0:01:04]} 50. Ra7+ {[%emt 0:00:04]} Kd8 {[%emt 0:00:06]} 51. c6 {[%emt 0:01:08]} 1-0

[Event "WYCC 2018 O14"]
[Site "Halkidiki"]
[Date "2018.10.29"]
[Round "10"]
[White "Horobrijs, Daniils"]
[Black "Czopor, Maciej"]
[Result "0-1"]
[WhiteElo "1918"]
[BlackElo "2219"]
[Annotator "NA"]
[PlyCount "76"]
[EventDate "2018.10.20"]
[EventType "swiss"]
[EventCountry "GRE"]
[SourceTitle "playchess.com"]
[Source "ChessBase"]
[SourceQuality "1"]
[TimeControl "40/5400+30:1800+30"]

1. e4 {[%emt 0:00:34]} c5 {[%emt 0:00:00]} 2. Nf3 {[%emt 0:00:05]} e6 {[%emt 0:00:00]} 3. d4 {[%emt 0:00:03]} cxd4 {[%emt 0:00:00]} 4. Nxd4 {[%emt 0:00:05]} Nf6 {[%emt 0:00:01]} 5. Nc3 {[%emt 0:00:09]} d6 {[%emt 0:00:04]} 6. Be3 {[%emt 0:00:42]} a6 {[%emt 0:00:07]} 7. f3 {[%emt 0:00:39]} b5 {[%emt 0:01:34]} 8. Qd2 {[%emt 0:00:13]} b4 {[%emt 0:00:52] B80: Sicilian Scheveningen: 6 g3 and 6 Be3, including English Attack} (8... Bb7 9. g4 Nfd7 10. O-O-O Nb6 11. Nb3 N8d7 12. Na5 Rb8 13. Bd4 Ba8 14. h4 Qc7 15. g5 b4 16. Nb1 e5 17. Bxb6 Rxb6 18. Nc4 Rc6 19. Ne3 {1-0 (70) Aronian,L (2767)-Nakamura,H (2777) Saint Louis 2018}) 9. Na4 {[%emt 0:00:07]} Nbd7 {[%emt 0:03:26]} 10. O-O-O {[%emt 0:00:22]} Bb7 {[%emt 0:05:12]} 11. Qxb4 {[%emt 0:04:07]} Rb8 {[%emt 0:06:25]} 12. Qe1 $146 {[%emt 0:00:59]} ({Predecessor:} 12. Qd2 d5 13. exd5 Nxd5 14. Bg5 Qc7 15. Nb3 Bb4 16. Qd4 O-O {1-0 (67) Solodovnichenko,Y (2526)-Voicu Jagodzinsky,C (2254) playchess.com INT 2006}) 12... Be7 {[%emt 0:09:43]} 13. g4 {[%emt 0:02:39]} Ne5 {[%emt 0:09:09]} 14. g5 {[%emt 0:17:27]} Nfd7 {[%emt 0:01:12]} 15. f4 {[%emt 0:01:17]} Bxe4 {[%emt 0:09:52]} 16. fxe5 {[%emt 0:02:04]} Bxh1 {[%emt 0:04:04]} 17. exd6 {[%emt 0:00:56]} Bxg5 {[%emt 0:02:05]} 18. Bxa6 {[%emt 0:00:40]} O-O {[%emt 0:05:57]} 19. Kb1 {[%emt 0:02:20]} Bxe3 {[%emt 0:06:54]} 20. Qxe3 $19 {[%emt 0:00:40]} Qa5 {[%emt 0:01:44]} 21. Qd3 {[%emt 0:38:53]} Qxa4 {[%emt 0:10:03]} 22. Bb5 {[%emt 0:21:04]} Rxb5 {[%emt 0:14:08]} 23. Qxb5 {[%emt 0:00:11]} Qxb5 {[%emt 0:00:09]} 24. Nxb5 {[%emt 0:00:06]} Bb7 {[%emt 0:00:46]} 25. Nc7 {[%emt 0:02:10]} e5 {[%emt 0:00:45]} 26. c4 {[%emt 0:00:52]} f5 {[%emt 0:00:31]} 27. b4 {[%emt 0:01:01]} f4 {[%emt 0:00:20]} 28. Kc1 {[%emt 0:01:09]} f3 {[%emt 0:00:31]} 29. Rf1 {[%emt 0:01:29]} Rf4 {[%emt 0:01:13]} 30. Kd2 {[%emt 0:01:16]} Rxc4 {[%emt 0:00:08]} 31. Ne6 {[%emt 0:00:25]} Rxb4 32. Ke3 {[%emt 0:00:35]} Re4+ {[%emt 0:02:43]} 33. Kf2 {[%emt 0:00:40]} Re2+ {[%emt 0:00:17]} 34. Kg3 {[%emt 0:00:04]} Rg2+ {[%emt 0:00:48]} 35. Kh3 {[%emt 0:00:02]} Be4 {[%emt 0:01:27]} 36. Nc7 {[%emt 0:01:08]} Bf5+ {[%emt 0:00:10]} 37. Kh4 {[%emt 0:00:02]} Rg4+ {[%emt 0:00:28]} 38. Kh5 {[%emt 0:01:12]} Nf6# {[%emt 0:00:15] Rh1} 0-1

[Event "WYCC 2018 O14"]
[Site "Halkidiki"]
[Date "2018.10.29"]
[Round "10"]
[White "Radojicic, Aleksandar M"]
[Black "Soriano Quispe, Ivan Excender"]
[Result "0-1"]
[WhiteElo "1814"]
[BlackElo "2054"]
[Annotator "NA RC"]
[PlyCount "162"]
[EventDate "2018.10.20"]
[EventType "swiss"]
[EventCountry "GRE"]
[SourceTitle "playchess.com"]
[Source "ChessBase"]
[SourceQuality "1"]
[TimeControl "40/5400+30:1800+30"]

1. d4 {[%emt 0:00:00]} Nf6 {[%emt 0:00:00]} 2. g3 {[%emt 0:00:00]} e6 {[%emt 0:00:00]} 3. Bg2 {[%emt 0:00:19]} d5 {[%emt 0:00:22]} 4. Nf3 {[%emt 0:00:44]} c5 {[%emt 0:08:08]} 5. c3 {[%emt 0:02:13]} Nc6 {[%emt 0:00:13]} 6. O-O {[%emt 0:00:17]} Be7 {[%emt 0:01:33]} 7. Re1 {[%emt 0:05:40]} O-O {[%emt 0:01:03]} 8. Bg5 {[%emt 0:00:34]} h6 {[%emt 0:04:28]} 9. Bxf6 {[%emt 0:01:03]} Bxf6 {[%emt 0:00:05]} 10. dxc5 {[%emt 0:00:30]} Qe7 {[%emt 0:04:32]} 11. e4 {[%emt 0:09:17]} dxe4 {[%emt 0:01:15]} 12. Nfd2 {[%emt 0:04:50]} Rd8 {[%emt 0:37:28]} 13. Qe2 {[%emt 0:09:30]} Qxc5 {[%emt 0:00:51]} 14. Nxe4 {[%emt 0:00:40]} Qe7 {[%emt 0:00:06]} 15. f4 {[%emt 0:06:45]} Bd7 {[%emt 0:04:54]} 16. Nbd2 {[%emt 0:05:59]} g6 {[%emt 0:06:42]} 17. Nxf6+ {[%emt 0:02:32]} Qxf6 {[%emt 0:00:02]} 18. Rad1 {[%emt 0:07:27]} Be8 {[%emt 0:03:01]} 19. h4 {[%emt 0:14:45]} Qf5 {[%emt 0:04:33]} 20. Kh2 {[%emt 0:03:42]} h5 {[%emt 0:10:59]} 21. Ne4 {[%emt 0:03:09]} Rxd1 {[%emt 0:02:21]} 22. Rxd1 {[%emt 0:00:49]} Rb8 {[%emt 0:03:54]} 23. b4 {[%emt 0:00:41]} Ne7 {[%emt 0:03:18]} 24. c4 {[%emt 0:02:45]} Bc6 {[%emt 0:00:47]} 25. Qd3 {[%emt 0:06:53]} Bxe4 {[%emt 0:00:52]} 26. Bxe4 {[%emt 0:01:04]} Qf6 {[%emt 0:00:48]} 27. Rd2 {[%emt 0:01:49]} Nc6 {[%emt 0:00:34]} 28. Bxc6 {[%emt 0:02:17]} bxc6 {[%emt 0:00:02]} 29. a3 {[%emt 0:02:05]} Rb6 {[%emt 0:01:00]} 30. c5 {[%emt 0:03:39]} Rb7 {[%emt 0:00:28]} 31. Qd6 {[%emt 0:01:44]} Qc3 {[%emt 0:00:13]} 32. Rd3 {[%emt 0:01:30]} Qe1 {[%emt 0:00:01]} 33. Rd2 {[%emt 0:00:30]} a5 {[%emt 0:00:13]} 34. Qd8+ {[%emt 0:00:40]} Kh7 {[%emt 0:00:16]} 35. Qd4 {[%emt 0:00:19]} axb4 {[%emt 0:00:22]} 36. axb4 {[%emt 0:00:03]} Ra7 {[%emt 0:00:16]} 37. Qf2 {[%emt 0:00:55]} Qc1 {[%emt 0:01:09]} 38. Rb2 {[%emt 0:00:30]} Rb7 {[%emt 0:00:59]} 39. Qd2 {[%emt 0:00:48]} Qa1 {[%emt 0:00:30]} 40. Kg2 {[%emt 0:00:00]} Qa3 {[%emt 0:00:00]} 41. Qd4 {[%emt 0:09:00]} Qa1 {[%emt 0:03:32]} 42. Qd2 {[%emt 0:00:52]} Rb8 {[%emt 0:08:37]} 43. Kh2 {[%emt 0:02:01]} Rb7 {[%emt 0:04:08]} 44. Kg2 {[%emt 0:00:12]} Kg7 {[%emt 0:01:47]} 45. Ra2 {[%emt 0:01:04]} Qb1 {[%emt 0:04:03]} 46. Qb2+ {[%emt 0:00:36]} Qxb2+ {[%emt 0:00:06]} 47. Rxb2 {[%emt 0:00:05]} Kf6 {[%emt 0:01:28]} 48. Kf3 {[%emt 0:00:22]} Kf5 {[%emt 0:01:26]} 49. b5 {[%emt 0:11:33]} cxb5 {[%emt 0:00:02]} 50. c6 {[%emt 0:00:11]} Rc7 {[%emt 0:01:01]} 51. Rxb5+ {[%emt 0:00:32]} Kf6 {[%emt 0:00:34]} 52. Rc5 {[%emt 0:05:11]} Ke7 {[%emt 0:00:13]} 53. g4 {[%emt 0:01:54]} Kd6 {[%emt 0:00:48]} 54. Ra5 {[%emt 0:00:38]} hxg4+ {[%emt 0:02:08]} 55. Kxg4 {[%emt 0:00:04]} Rxc6 {[%emt 0:02:25]} 56. h5 {[%emt 0:00:36]} gxh5+ {[%emt 0:00:41]} 57. Rxh5 {[%emt 0:02:08]} Rc4 {[%emt 0:02:58]} 58. Ra5 {[%emt 0:00:58]} f6 {[%emt 0:00:59]} 59. Kf3 {[%emt 0:00:25]} Rc5 {[%emt 0:00:52]} 60. Ra1 {[%emt 0:00:43]} Rc3+ {[%emt 0:00:35]} 61. Kf2 {[%emt 0:00:33]} Kd5 {[%emt 0:00:49]} 62. Re1 {[%emt 0:00:45]} Ra3 {[%emt 0:01:08]} 63. Re2 {[%emt 0:00:26]} Rh3 {[%emt 0:00:53]} 64. Kg2 {[%emt 0:00:14]} Rh5 {[%emt 0:00:50]} 65. Re3 {[%emt 0:00:19]} Rf5 {[%emt 0:00:53]} 66. Kg3 {[%emt 0:00:20]} e5 {[%emt 0:00:27]} 67. fxe5 {[%emt 0:00:13]} fxe5 {[%emt 0:00:04]} 68. Rd3+ {[%emt 0:01:05]} Kc4 {[%emt 0:00:38]} 69. Rd8 {[%emt 0:00:39]} e4 {[%emt 0:00:21]} 70. Rd7 {[%emt 0:00:25]} e3 {[%emt 0:00:16]} 71. Kg2 {[%emt 0:00:23]} e2 {[%emt 0:01:10]} 72. Rc7+ {[%emt 0:00:43]} Kd3 {[%emt 0:00:11]} 73. Rd7+ {[%emt 0:00:22]} Kc2 {[%emt 0:00:28]} 74. Rc7+ {[%emt 0:00:30]} Kd1 {[%emt 0:00:06]} 75. Rd7+ {[%emt 0:00:09]} Ke1 {[%emt 0:00:10]} 76. Rd8 {[%emt 0:01:37]} Rg5+ {[%emt 0:00:47]} 77. Kh2 {[%emt 0:00:25]} Kf2 {[%emt 0:00:20]} 78. Rf8+ {[%emt 0:00:05]} Ke3 {[%emt 0:00:25]} 79. Re8+ {[%emt 0:00:05]} Kf3 {[%emt 0:00:39]} 80. Kh1 {[%emt 0:00:28]} e1=Q+ {[%emt 0:00:44]} 81. Rxe1 {[%emt 0:00:09]} Kf2 0-1

[Event "WYCC 2018 O14"]
[Site "Halkidiki"]
[Date "2018.10.29"]
[Round "10"]
[White "Ong, Yi Herng Joel"]
[Black "Rasti, Arvin"]
[Result "1/2-1/2"]
[WhiteElo "1730"]
[BlackElo "2064"]
[Annotator "NA"]
[PlyCount "26"]
[EventDate "2018.10.20"]
[EventType "swiss"]
[EventCountry "GRE"]
[SourceTitle "playchess.com"]
[Source "ChessBase"]
[SourceQuality "1"]
[TimeControl "40/5400+30:1800+30"]

1. d4 {[%emt 0:00:00]} Nf6 {[%emt 0:00:00]} 2. Nf3 {[%emt 0:00:00]} d5 {[%emt 0:00:00]} 3. c4 {[%emt 0:00:00]} c6 {[%emt 0:00:49]} 4. Qc2 {[%emt 0:00:01]} e6 {[%emt 0:03:24]} 5. e3 {[%emt 0:00:17]} Nbd7 {[%emt 0:01:10]} 6. Bd3 {[%emt 0:00:58]} Bd6 {[%emt 0:00:44]} 7. O-O {[%emt 0:00:26]} O-O {[%emt 0:03:08]} 8. Nc3 {[%emt 0:04:53]} Re8 {[%emt 0:08:10]} 9. e4 {[%emt 0:14:47]} dxe4 {[%emt 0:06:22]} 10. Nxe4 {[%emt 0:00:26]} Nxe4 {[%emt 0:00:20]} 11. Bxe4 {[%emt 0:00:07]} h6 {[%emt 0:00:55]} 12. b3 {[%emt 0:11:12]} Nf6 {[%emt 0:02:39]} 13. Bb2 {[%emt 0:04:11]} Qa5 {[%emt 0:04:29]} 1/2-1/2

[Event "WYCC 2018 O14"]
[Site "Halkidiki"]
[Date "2018.10.30"]
[Round "11"]
[White "Tsoi, Dmitry"]
[Black "Dao, Minh Nhat"]
[Result "1-0"]
[WhiteElo "2429"]
[BlackElo "1956"]
[Annotator "TA"]
[PlyCount "145"]
[EventDate "2018.10.20"]
[EventType "swiss"]
[EventCountry "GRE"]
[SourceTitle "playchess.com"]
[Source "ChessBase"]
[SourceQuality "1"]

{[%evp 19,145,25,27,22,21,25,18,8,32,33,52,33,46,37,60,55,79,33,44,24,21,31,31,27,17,32,113,104,157,49,58,31,56,0,75,41,118,62,189,180,182,56,49,41,56,24,27,28,28,28,28,22,22,22,24,31,40,33,59,31,29,29,29,31,40,31,51,21,22,8,16,8,25,30,60,67,129,125,125,106,96,0,103,29,30,30,30,34,85,35,37,32,226,226,226,218,218,218,211,211,208,207,204,177,164,133,116,104,204,204,196,145,196,188,172,113,113,0,145,133,1080,666,2322,2108,1521,1445,1401,1370]} 1. Nf3 Nf6 2. g3 d5 3. Bg2 Bf5 4. O-O e6 5. d3 h6 6. Nbd2 c6 7. c4 Be7 8. cxd5 cxd5 {A11: English Opening: 1...c6} 9. Qb3 Qb6 10. Qxb6 axb6 {LiveBook: 3 Games. White has an edge.} 11. Nd4 Bh7 12. N2f3 O-O 13. Bf4 Nbd7 14. Rfc1 Rfc8 15. a3 g5 16. Bd2 {[#]} Bf8 $146 17. Nb5 Rc5 18. Nc3 Rcc8 19. Nd4 Ne5 20. Ncb5 Nc6 21. Bc3 Nd7 22. b4 e5 ({Better is} 22... Be7 $14) 23. Nb3 $16 Nf6 {[#]} (23... Ne7 $142) 24. Bb2 (24. f4 $1 $16 {[%mdl 512]}) 24... Be7 25. Nc3 Rd8 26. Nd1 (26. b5 $14 Na7 27. a4) 26... e4 (26... d4 $1 $11 {keeps the balance.}) 27. dxe4 Bxe4 (27... Nxe4 $14 28. Nd4 Nxd4 29. Bxd4 Nd2) 28. Ne3 (28. Nd4 $16) 28... Rac8 (28... d4 $14) 29. Bh3 $18 Ra8 {[#]} 30. Nf5 (30. Nd4 $1 $18) 30... Bxf5 $1 $14 31. Bxf5 Ne4 32. Nd4 Nd6 {aiming for ...Nxd4.} 33. Bd3 Bf6 34. Nxc6 Bxb2 35. Nxd8 Rxd8 36. Rab1 Bxc1 37. Rxc1 $11 {[%mdl 4096] Endgame KRB-KRN} Nc4 38. a4 Ra8 39. Be4 dxe4 40. Rxc4 Rxa4 41. Rxe4 $14 {KR-KR} Kg7 42. Rd4 Ra2 43. e3 Rb2 44. Kg2 f6 45. g4 Kg6 46. Kg3 Rb3 47. h4 {Strongly threatening h5+.} gxh4+ (47... b5 $14) 48. Kxh4 $16 Rb1 49. Kg3 Rb3 50. Kh4 Rb1 $1 51. f4 (51. f3 $16) 51... Rh1+ $11 52. Kg3 Rg1+ 53. Kf3 {Threatens to win with Rd6.} Rf1+ $1 54. Kg2 Rb1 55. Kf2 h5 $2 (55... b5 $1 $14) 56. gxh5+ $18 Kxh5 57. Rd6 Kg4 58. Rxf6 {Hoping for Rg6+.} ({Not} 58. Rxb6 Rb2+ 59. Ke1 Kf3 $11) 58... Rb2+ 59. Ke1 Rxb4 60. Ke2 b5 61. Rg6+ Kf5 62. Rd6 {Kf3 is the strong threat.} Ke4 63. Re6+ Kf5 (63... Kd5 $16 {keeps fighting.} 64. f5 Rb2+ 65. Kf3 Rb1) 64. Re5+ Kf6 65. Kd3 ({White should try} 65. Kf3 $18) 65... Rb3+ (65... Rb1 $16 66. Ke4 Rb4+ 67. Kd5 Rb1) 66. Ke4 Rb4+ {[#]} 67. Kf3 ({White should play} 67. Kd5 $1 $18) 67... Rb1 $16 68. Ke4 (68. Re8 $16) 68... b4 (68... Rb4+ $1 $11 69. Kd5 Rb1) 69. Rb5 b3 $2 {[%mdl 8192]} (69... Ke6 $16 70. Kd3 (70. Rxb7 Kd6 $16) 70... Kd6) 70. Rb6+ $18 {White is clearly winning.} Kf7 71. Kf5 Ke8 72. e4 b2 73. Rxb7 {Precision: White = 57%, Black = 43%.} 1-0

[Event "WYCC 2018 O14"]
[Site "Halkidiki"]
[Date "2018.10.30"]
[Round "11"]
[White "Raja Rithvik R"]
[Black "Kacharava, Nikolozi"]
[Result "0-1"]
[WhiteElo "2421"]
[BlackElo "2373"]
[Annotator "TA"]
[PlyCount "94"]
[EventDate "2018.10.20"]
[EventType "swiss"]
[EventCountry "GRE"]
[SourceTitle "playchess.com"]
[Source "ChessBase"]
[SourceQuality "1"]

{[%evp 31,94,30,24,28,41,29,33,37,31,19,32,36,38,16,22,25,16,18,20,10,16,0,0,0,7,-122,-90,-264,-273,-283,-270,-370,-368,-397,-397,-395,-393,-369,-347,-356,-342,-492,-455,-1360,-1357,-1347,-1314,-1252,-1062,-12833,-12833,-12833,-11307,-12834,-12835,-12835,-11187,-12835,-12616,-12842,-12843,-12844,-12844,-12844,-12844]} 1. c4 e6 2. Nc3 d5 3. d4 c5 4. cxd5 exd5 5. Nf3 Nc6 6. g3 Nf6 7. Bg2 Be7 8. O-O O-O 9. dxc5 Bxc5 10. Bg5 d4 11. Bxf6 Qxf6 12. Ne4 Qe7 13. Nxc5 Qxc5 14. Rc1 Qb6 15. Qc2 h6 {D34: Tarrasch Defence: 6 g3 Nf6 7 Bg2 Be7} 16. Rfd1 Re8 {LiveBook: 3 Games} (16... Bg4 17. b3 Rfe8 18. h3 Bh5 19. Qc5 Qxc5 20. Rxc5 Bg6 21. Nxd4 Nxd4 22. Rxd4 Rxe2 23. Bxb7 {1-0 (31) Plat,V (2472)-Malinovsky,K (2445) Czechia 2013}) 17. Rd2 Bg4 {White has an edge.} 18. h3 Be6 19. b3 Rad8 20. Qb2 $146 ({Predecessor:} 20. Qc5 Qa6 21. Ne1 Rc8 22. Nd3 Red8 {½-½ (22) Souza,M (2064)-Molina,J (2141) Joao Pessoa 2013}) 20... Qb4 21. Rcd1 {[%cal Rf3d4]} Qc3 22. Qa3 Rd5 23. Rc1 Ra5 24. Rxc3 Rxa3 25. Rc1 Rd8 26. Rcd1 a5 27. e3 {[%cal Rf3d4]} d3 28. Ne1 {[#]} (28. Bf1 $11) 28... Nb4 $1 $17 29. Nxd3 $2 (29. Nf3 $17 {was called for.}) 29... Rxa2 $19 30. Rxa2 Nxa2 31. Bf1 Nb4 32. Be2 Nxd3 33. Bxd3 {[%mdl 4096] [#] Endgame aiming for Bh7+! KRB-KRB} Kf8 34. Bc2 Rxd1+ 35. Bxd1 {KB-KB} Ke7 ({Not} 35... Bxh3 36. g4 $17) 36. Kf1 (36. e4 {might work better.} b5 37. f4) 36... Kd6 {Black is clearly winning.} 37. Ke2 (37. e4 $142 Ke5 38. g4) 37... Kc5 38. Kd2 Kb4 39. Bf3 Kxb3 40. Bxb7 Kb2 ({Less strong is} 40... a4 41. Kc1 $17) 41. Bc6 Bxh3 42. Kd3 Be6 43. Kd4 Bb3 44. Ke5 a4 45. Bxa4 Bxa4 46. Kd6 Kc3 47. Ke7 Bb3 {Precision: White = 29%, Black = 95%.} 0-1

[Event "WYCC 2018 O14"]
[Site "Halkidiki"]
[Date "2018.10.30"]
[Round "11"]
[White "Spyropoulos, Nikolaos"]
[Black "Cardoso Cardoso, Jose Gabriel"]
[Result "1-0"]
[WhiteElo "2378"]
[BlackElo "2313"]
[Annotator "TA"]
[PlyCount "87"]
[EventDate "2018.10.20"]
[EventType "swiss"]
[EventCountry "GRE"]
[SourceTitle "playchess.com"]
[Source "ChessBase"]
[SourceQuality "1"]

{[%evp 19,87,0,0,0,0,-13,0,4,11,11,11,12,12,12,18,0,0,0,0,-16,-8,-7,-7,-12,0,0,0,-4,-6,-22,0,-78,-79,-80,-80,-81,-18,-23,-14,-23,-18,-10,-10,-39,-5,-16,-8,-6,0,0,0,0,14,14,16,12,13,12,14,28,116,66,74,77,213,200,2102,1140,29978,29979]} 1. e4 c5 2. Nf3 d6 3. d4 cxd4 4. Nxd4 Nf6 5. Nc3 a6 6. Be2 e5 7. Nf3 Be7 8. Bg5 Be6 {B92: Sicilian Najdorf: 6 Be2} (8... Nbd7 9. a4 h6 10. Be3 Ng4 11. Bc1 Ngf6 12. O-O Nc5 13. Nd2 Be6 14. b3 O-O 15. Bb2 Qc7 16. Bf3 Rfd8 {0-1 (72) Grischuk,A (2766)-Vachier Lagrave,M (2779) Saint Louis 2018}) 9. Bxf6 Bxf6 10. Nd5 Nd7 {LiveBook: 11 Games. The position is equal.} 11. Bc4 Rc8 $146 ({Predecessor:} 11... O-O 12. O-O Nb6 13. Bb3 Nxd5 14. Bxd5 Qc7 15. c3 Qc5 16. Bxe6 fxe6 {0-1 (52) Mareco,S (2643)-Salinas Herrera,P (2463) Montevideo 2018}) 12. Bb3 Nc5 13. Nxf6+ Qxf6 14. Qxd6 Bxb3 15. Qxf6 gxf6 16. axb3 Nxe4 17. Rc1 Ke7 18. Ke2 Rhd8 19. b4 Rd7 20. c3 Rcd8 $36 {[%mdl 2048] Black is pushing.} 21. Rc2 Ke6 22. Ra1 f5 23. g3 f6 24. c4 Rc8 25. b3 (25. Rac1 $11 {remains equal.}) 25... Rcd8 $17 26. c5 Rd3 {And now ...Nc3+ would win.} 27. c6 Rc3 (27... Nc3+ $17 28. Kf1 Rxf3 29. cxb7 Rb8 30. Rxa6+ Kd7) 28. Rac1 Rxc2+ 29. Rxc2 bxc6 30. Rxc6+ $11 {[%mdl 4096] Endgame KRN-KRN} Rd6 31. Rc7 Rb6 32. Ra7 Nc3+ 33. Kf1 Nd5 34. Rxh7 Rxb4 35. Nd2 e4 36. Ra7 Rb6 37. h4 {[%cal Bh2h4,Bh4h5,Bh5h6][%mdl 32]} e3 $1 {[%cal Re3d2]} 38. Nf3 exf2 39. Kxf2 {h5 is the strong threat.} Kd6 (39... Nb4 $11) 40. h5 {Strongly threatening h6.} Rxb3 41. Rxa6+ Ke7 (41... Kc5 $16) 42. Ra7+ Kf8 $2 {[#]} (42... Kd6 43. Ra6+ Kc5) 43. h6 $1 $18 {[%cal Rh6h7] Threatening mate with h7.} Kg8 {[#]} 44. Nh4 $1 {Precision: White = 73%, Black = 38%.} 1-0